000 00536nam a2200181 u 4500
001 000536288
003 AM-YeHGA
005 20250617135411.0
008 070514s1976 ||| r 000 0 rus d
040 _aAM-YeHGA
041 0 _arus
100 1 _aБаева, Антонина Антоновна
245 1 0 _aСтихи /
_cАнтонина Баева.
260 _aМосква :
_bСов. Россия,
_c1976.
300 _a190 с. :
_bпортр.
653 0 _aРусская советская поэзия
090 _c201138
999 _c199654
_d199654